Psychiatry for Students (Record no. 1260)

MARC details
000 -LEADER
fixed length control field 00538nam a22002057a 4500
003 - CONTROL NUMBER IDENTIFIER
control field OSt
005 - DATE AND TIME OF LATEST TRANSACTION
control field 20230929074326.0
008 - FIXED-LENGTH DATA ELEMENTS--GENERAL INFORMATION
fixed length control field 150326b xxu||||| |||| 00| 0 eng d
020 ## - INTERNATIONAL STANDARD BOOK NUMBER
International Standard Book Number 0044450915
040 ## - CATALOGING SOURCE
Transcribing agency DNLM
082 ## - DEWEY DECIMAL CLASSIFICATION NUMBER
Classification number WM100 S11p 1989
100 ## - MAIN ENTRY--PERSONAL NAME
Personal name Stafford-Clark, David; Bridges, Paul; Black, Dora
9 (RLIN) 3371
245 ## - TITLE STATEMENT
Title Psychiatry for Students
250 ## - EDITION STATEMENT
Edition statement 7th ed.
260 ## - PUBLICATION, DISTRIBUTION, ETC. (IMPRINT)
Place of publication, distribution, etc. London;
Name of publisher, distributor, etc. UNWIN HYMAN,
Date of publication, distribution, etc. 1989.
300 ## - PHYSICAL DESCRIPTION
Extent xiii, 320 p :
Dimensions 24 cm
504 ## - BIBLIOGRAPHY, ETC. NOTE
Bibliography, etc Includes index
650 ## - SUBJECT ADDED ENTRY--TOPICAL TERM
Topical term or geographic name as entry element Psychiatry
9 (RLIN) 351
942 ## - ADDED ENTRY ELEMENTS (KOHA)
Source of classification or shelving scheme Other/Generic Classification Scheme
Koha item type Short Loan
Holdings
Withdrawn status Lost status Source of classification or shelving scheme Damaged status Not for loan Home library Current library Source of acquisition Inventory number Total Checkouts Full call number Barcode Date last seen Koha item type
    Other/Generic Classification Scheme     MUST Main Library MUST Main Library Purchase 4938   WM 100 S11p 1989 2015-0654 26/03/2015 Short Loan
    Dewey Decimal Classification     MUST Main Library MUST Main Library Purchase 4935   WM100 S11p 1989 2024-22381 19/09/2024 Open Shelf
    Dewey Decimal Classification     MUST Main Library MUST Main Library Purchase 207   WM100 S11p 1989 2024-22382 19/09/2024 Open Shelf